| 000 | 01572cam a22003614a 4500 | ||
|---|---|---|---|
| 001 | 14882924 | ||
| 005 | 20071105181424.0 | ||
| 008 | 070607s2007 dcua b i000 0 eng | ||
| 010 |
_a 2007022163 _z 2007278158 |
||
| 020 | _a0821371819 | ||
| 020 | _a9780821371817 (alk. paper) | ||
| 035 | _a(OCoLC)ocn141482980 | ||
| 040 |
_aDLC _cDLC _dC#P _dBAKER _dBTCTA _dYDXCP _dDLC |
||
| 043 |
_aec----- _aee----- _aac----- |
||
| 050 | 0 | 0 |
_aHJ1000.7 _b.F57 2007 |
| 082 |
_a338.947 _bFIS |
||
| 245 | 0 | 0 |
_aFiscal Policy and Economic Growth : _bLessons for Eastern Europe and Central Asia / _cedited by Cheryl Gray, Tracey Lane, Aristomene Varoudakis. |
| 260 |
_aWashington, DC : _bWorld Bank, 2007 _cc2007. |
||
| 300 |
_axxiv, 331 p. : _bill. ; _c26 cm. |
||
| 504 | _aIncludes bibliographical references (p. 315-331). | ||
| 650 | 0 |
_aFiscal policy _zEurope, Central. _922456 |
|
| 650 | 0 |
_aFiscal policy _zEurope, Eastern. _922457 |
|
| 650 | 0 |
_aFiscal policy _zAsia, Central. _922458 |
|
| 650 | 0 |
_aEconomic development. _922459 |
|
| 700 | 1 |
_aGray, Cheryl Williamson, _d1954- _922460 |
|
| 700 | 1 |
_aLane, Tracey. _922461 |
|
| 700 | 1 |
_aVaroudakis, Aristomene. _922462 |
|
| 856 | 4 | 1 |
_3Table of contents only _uhttp://www.loc.gov/catdir/toc/ecip0719/2007022163.html |
| 942 |
_2ddc _cBB |
||
| 999 |
_c14978 _d14978 |
||